| 000 | 00463nam a2200181Ia 4500 | ||
|---|---|---|---|
| 001 | 45554 | ||
| 008 | 140428s9999 xx 000 0 und d | ||
| 020 | _aNA | ||
| 040 | _cPK-LaUMT | ||
| 082 |
_aRHC 306.095491 _bAKR-S |
||
| 100 | _aAkram, Muhammad | ||
| 245 |
_aSaqaafat-e-Pakistan (Urdu) _cAkram, Muhammad |
||
| 260 |
_aKarachi,Pakistan: _bIdara Matbuaat-e-Pakistan, _c1967 |
||
| 300 | _a343 p. | ||
| 546 | _aUR | ||
| 650 | _aPakistani culture | ||
| 942 | _cBK | ||
| 999 |
_c43522 _d43522 |
||